| 000 | 00753nam a2200205 a 4500 | ||
|---|---|---|---|
| 001 | BRL_1055 | ||
| 005 | 20190320211020.0 | ||
| 008 | 061113s1985----mx-a######---#000-0#spa-# | ||
| 041 | _aspa | ||
| 044 | _amx | ||
| 050 | 4 |
_aTS2301.T7 _b.E88 1985 |
|
| 245 | 1 | 0 |
_a¿A qué estamos jugando? _bdel juguete tradicional al juguete tecnológico, noviembre 1984-enero 1985, Museo de Arte Moderno, México, D.F. _cfotografías Jesús Sánchez Uribe. |
| 260 |
_aMéxico, D.F. _bSEP Cultura : Museo del Arte Moderno : Instituto Nacional del Consumidor _c[1985] |
||
| 300 |
_a55, xii p. _bil. (algunas a color) _c21 cm. |
||
| 500 | _aAu1167 | ||
| 650 | 1 | 4 |
_aJuguetes _zMéxico _924193 |
| 700 | 1 |
_aSánchez Uribe, Jesús _eil. _925695 |
|
| 902 | _aGRL | ||
| 942 |
_2lcc _cB |
||
| 999 |
_c9867 _d9867 |
||